000 01923cam a22003974i 4500
003 PE-LiUPU
005 20250731173214.0
008 150625s1992 sp r 000 0 spa d
035 _a(Sirsi) a32648
040 _aPE-LiUPU
_bspa
_cPE-LiUPU
_erda
082 0 4 _a224.030336
_bJ24
_221
100 1 _aJaramillo Rivas, Pedro,
_eautor.
245 1 3 _aLa Injusticia y la Opresión en el Lenguaje Figurado de los Profetas.
264 1 _aNavarra :
_bVerbo Divino,
_c1992.
300 _a328 páginas ;
_c24 centímetros
336 _atext
_2rdacontent
337 _aunmediated
_2rdamedia
338 _avolume
_2rdacarrier
505 0 _acomo se ha vuelto ramera la Villa Fiel. -Habeis devastado la viña/triturarias a mi pueblo/moleis el rostro de los pobres. -Yugo, vara y baston.. rotos. -Perros mudos, incapaces de ladrar. -Incuban huevos de serpientes. -tejen telarañas. -Ponen trampas como cazadores. -Leones rugientes/lobos voraces. -Pastores, devoradores del rebaño. -Carneros y machos cabrios. -Una profea visita la ciudad. -Las vacas opresoras. -¡Ay de los que convierten el derecho en ajenjo!. -Agua que fluye/arroyo perenne. -Desuellan y se comen a mi pueblo. -edificais con sangre a Sion. -Acorralan, devoran, pescan.. al inocente. -Conclusion final.
526 _aSEG42
526 _aSEG41
526 _aSEG40
526 _aSEG39
526 _aP94
526 _aP87
526 _aP86
526 _aP85
526 _aP77
526 _aP76
526 _aP35
942 _2ddc
_cBOOK
949 _a224.030336 J24
_wDEWEY
_c1
_i38649
_lCCODEBUL1
_mBUL
_p20.00
_r0
_sY
_tBOOK
_u2015-06-25
_xBIBLIOTECA
_zUNKNOWN
_0COMPRA
_o.STAFF. Colección Teología
596 _a1
999 _a224.030336 J24
_wDEWEY
_c40323
_i38649
_d40323
_e2017-7-26
_f2021-11-11
_g5
_lCCODEBUL1
_mBUL
_n4
_p20.00
_r0
_sY
_tBOOK
_u2015-6-25
_xTEOLOGIA
_PP35
_0COMPRA
_o.STAFF. Colección Teología
980 _81
_gALBERTO SANCHEZ Responsable de Automatización